Around the Coast of USA, Mexico and Canada - Statistics

General Stats
  • This quiz has been taken 69 times
  • The average score is 46 of 58
Answer Stats
Country Classification Subdivision % Correct
Canada Province British Columbia
98%
USA State California
98%
USA State Washington
98%
USA State Oregon
96%
USA State Alaska
88%
USA State Maine
88%
USA State New Hampshire
88%
USA State Rhode Island (Newport County)
88%
Canada Territory Yukon Territory
88%
Canada Province British Columbia
86%
USA State Massachusetts
86%
Canada Province Newfoundland and Labrador (Labrador)
86%
Canada Territory Northwest Territories
86%
Canada Province Ontario
86%
Canada Province Québec
86%
USA State Washington (Point Roberts)
86%
USA State Massachusetts
84%
Canada Province New Brunswick
84%
USA State New York
84%
Canada Province Nova Scotia
84%
Canada Territory Nunavut
84%
USA State Alabama
82%
Mexico State Baja California
82%
Mexico State Baja California Sur
82%
USA State Delaware
82%
USA State Florida
82%
USA State Georgia
82%
USA State Louisiana
82%
Canada Province Manitoba
82%
USA State Maryland
82%
USA State North Carolina
82%
Canada Province Québec
82%
USA State Rhode Island
82%
USA State South Carolina
82%
USA State Texas
82%
USA State Connecticut
80%
USA State Maryland
80%
USA State Mississippi
80%
Canada Province New Brunswick
80%
USA State New Jersey
80%
USA State Virginia (Eastern Shore)
80%
Mexico State Baja California
78%
USA State Virginia
78%
Mexico State Sonora
72%
Mexico State Chiapas
68%
Mexico State Jalisco
68%
Mexico State Oaxaca
68%
Mexico State Yucatan
68%
Mexico State Guerrero
66%
Mexico State Michoacan
64%
Mexico State Nayarit
64%
Mexico State Sinaloa
64%
Mexico State Veracruz
64%
Mexico State Colima
58%
Mexico State Quintana Roo
58%
Mexico State Tabasco
58%
Mexico State Campeche
56%
Mexico State Tamaulipas
56%
No matching quizzes found
Score Distribution
Percent of People with Each Score
Percentile by Number Answered
Your Score History
You have not taken this quiz